[Event "Titled Tuesday intern op 05th Apr Early"]
[Site "Chess.com INT"]
[Date "2022.04.05"]
[Round "10"]
[White "Van den Dikkenberg, Erik"]
[Black "Pacheco Lugo, Alejandro Jose"]
[Result "0-1"]
[WhiteElo "2148"]
[BlackElo "2127"]
[PlyCount "76"]
[EventDate "2022.04.05"]
[EventType "swiss (blitz)"]
[EventRounds "11"]
[EventCountry "USA"]
[SourceTitle "CBM 207 Extra"]
[Source "ChessBase"]
[SourceDate "2022.05.31"]
[SourceVersion "1"]
[SourceVersionDate "2022.05.31"]
[SourceQuality "1"]

1. e4 c5 2. Nc3 d6 3. f4 Nc6 4. Nf3 g6 5. Bb5 Bd7 6. Bxc6 Bxc6 7. 0-0 Bg7 8. d3 e6 9. Qe1 Ne7 10. Qg3 0-0 11. Bd2 b5 12. Rae1 b4 13. Nd1 f5 14. Ng5 Qd7 15. exf5 Nxf5 16. Qh3 Bd4+ 17. Kh1 Rae8 18. c3 bxc3 19. Bxc3 h6 20. Nf3 Bg7 21. Bxg7 Qxg7 22. Nc3 Re7 23. Re2 Rb8 24. Rfe1 Bxf3 25. gxf3 Nd4 26. Rxe6 Rxe6 27. Rxe6 Nxe6 28. Qxe6+ Kh7 29. Nd5 Rf8 30. Qxd6 Rf5 31. Ne7 Rf6 32. Qxc5 Rxf4 33. Kg2 Qxb2+ 34. Kg3 Qf6 35. Qc7 Rxf3+ 36. Kg2 Rf2+ 37. Kg3 Qf3+ 38. Kh4 g5# 0-1

[Event "Titled Tuesday intern op 05th Apr Early"]
[Site "Chess.com INT"]
[Date "2022.04.05"]
[Round "8"]
[White "Zaksaite, Salomeja"]
[Black "Pacheco Lugo, Alejandro Jose"]
[Result "0-1"]
[WhiteElo "2246"]
[BlackElo "2127"]
[PlyCount "46"]
[EventDate "2022.04.05"]
[EventType "swiss (blitz)"]
[EventRounds "11"]
[EventCountry "USA"]
[SourceTitle "CBM 207 Extra"]
[Source "ChessBase"]
[SourceDate "2022.05.31"]
[SourceVersion "1"]
[SourceVersionDate "2022.05.31"]
[SourceQuality "1"]

1. e4 c5 2. Nf3 d6 3. d4 cxd4 4. Nxd4 Nf6 5. Nc3 a6 6. h3 e5 7. Nde2 h5 8. g3 Be7 9. Bg2 b5 10. Nd5 Bb7 11. Nxe7 Qxe7 12. Bg5 Nbd7 13. 0-0 Qe6 14. Qd2 Rc8 15. a4 Nxe4 16. Qe3 Ndc5 17. axb5 axb5 18. b4 Nxg5 19. Qxg5 Bxg2 20. Qxg7 Bxf1 21. bxc5 Qh6 22. Qxh6 Rxh6 23. Kxf1 Rxc5 0-1

[Event "Titled Tuesday intern op 01st Mar Early"]
[Site "Chess.com INT"]
[Date "2022.03.01"]
[Round "10"]
[White "Pacheco Lugo, Alejandro Jose"]
[Black "Winkels, Marcel"]
[Result "1-0"]
[WhiteElo "2127"]
[BlackElo "1979"]
[PlyCount "81"]
[EventDate "2022.03.01"]
[EventType "swiss (blitz)"]
[EventRounds "11"]
[EventCountry "USA"]
[SourceTitle "CBM 207 Extra"]
[Source "ChessBase"]
[SourceDate "2022.05.31"]
[SourceVersion "1"]
[SourceVersionDate "2022.05.31"]
[SourceQuality "1"]

1. e4 c5 2. Nf3 d6 3. d4 cxd4 4. Nxd4 Nf6 5. Nc3 a6 6. Be3 e5 7. Nb3 Be6 8. f3 Be7 9. Qd2 h5 10. Nd5 Nxd5 11. exd5 Bf5 12. Na5 Qc7 13. c4 b6 14. Nb3 a5 15. a3 a4 16. Nc1 Na6 17. Be2 Nc5 18. 0-0 0-0 19. Qb4 Bc2 20. Na2 Bb3 21. Nc3 f5 22. Nb5 Qd7 23. f4 Bf6 24. fxe5 Bxe5 25. Bd4 Rae8 26. Rae1 h4 27. Qc3 Ne4 28. Qc1 Qe7 29. Bf3 Ng5 30. Bxe5 dxe5 31. d6 Qd8 32. Bd5+ Nf7 33. Rxf5 g6 34. Rfxe5 Rxe5 35. Rxe5 Kg7 36. Re7 Qc8 37. Qf4 Qf5 38. Qxf5 gxf5 39. d7 Rd8 40. Rxf7+ Kg6 41. Nd6 1-0

[Event "Titled Tuesday intern op 07th Dec"]
[Site "Chess.com INT"]
[Date "2021.12.07"]
[Round "7"]
[White "Harshavardhan, GB."]
[Black "Pacheco Lugo, Alejandro Jose"]
[Result "1-0"]
[WhiteElo "2397"]
[BlackElo "2127"]
[PlyCount "83"]
[EventDate "2021.12.07"]
[EventType "swiss (blitz)"]
[EventRounds "11"]
[EventCountry "USA"]
[SourceTitle "CBM 205 Extra"]
[Source "ChessBase"]
[SourceDate "2022.01.31"]
[SourceVersion "1"]
[SourceVersionDate "2022.01.31"]
[SourceQuality "1"]

1. Nf3 Nf6 2. c4 e6 3. Nc3 d5 4. e3 c5 5. cxd5 exd5 6. b3 Nc6 7. Bb2 Bd6 8. Be2 0-0 9. 0-0 d4 10. exd4 cxd4 11. Nb5 d3 12. Bxd3 Bxh2+ 13. Nxh2 Qxd3 14. Nc3 Re8 15. Nf3 Bg4 16. Re1 Bxf3 17. Qxf3 Qxf3 18. gxf3 Red8 19. Rad1 Nd4 20. Kg2 Nh5 21. Re4 f5 22. Rh4 g6 23. Na4 Ne6 24. Be5 Rd5 25. d4 Rad8 26. Nc3 R5d7 27. d5 b5 28. dxe6 Rxd1 29. e7 R1d3 30. exd8Q+ Rxd8 31. Rd4 Rxd4 32. Bxd4 Nf4+ 33. Kf1 a6 34. a4 bxa4 35. Nxa4 Nd5 36. Nc5 a5 37. Nb7 Nb4 38. Nxa5 Nc2 39. Bc3 Kf7 40. Nc4 Ke6 41. Ke2 f4 42. Kd3 1-0

[Event "Titled Tuesday intern op 07th Dec"]
[Site "Chess.com INT"]
[Date "2021.12.07"]
[Round "8"]
[White "Pacheco Lugo, Alejandro Jose"]
[Black "Begunov, Konstantin"]
[Result "1-0"]
[WhiteElo "2127"]
[BlackElo "2325"]
[PlyCount "75"]
[EventDate "2021.12.07"]
[EventType "swiss (blitz)"]
[EventRounds "11"]
[EventCountry "USA"]
[SourceTitle "CBM 205 Extra"]
[Source "ChessBase"]
[SourceDate "2022.01.31"]
[SourceVersion "1"]
[SourceVersionDate "2022.01.31"]
[SourceQuality "1"]

1. e4 c5 2. Nf3 d6 3. d4 cxd4 4. Nxd4 Nf6 5. Nc3 a6 6. Be3 Ng4 7. Bg5 Nc6 8. Be2 Qb6 9. Bxg4 Qxd4 10. Be2 e6 11. 0-0 Be7 12. Be3 Qxd1 13. Raxd1 Bd7 14. Rd2 b5 15. f4 Rc8 16. a3 Na5 17. Bd4 f6 18. f5 Nc4 19. Bxc4 Rxc4 20. fxe6 Bxe6 21. Nd5 Kf7 22. b3 Rc6 23. Nb4 Rcc8 24. Nxa6 d5 25. exd5 Bxd5 26. b4 Bc4 27. Re1 Ra8 28. Bc5 Bxc5+ 29. Nxc5 Rxa3 30. Rd7+ Kg6 31. Ree7 Rg8 32. h4 Rc3 33. Ne4 Rxc2 34. Nd6 Rb2 35. g4 Rxb4 36. Nf5 h5 37. Rxg7+ Rxg7 38. Rxg7# 1-0

[Event "Titled Tuesday intern op 19th Oct"]
[Site "Chess.com INT"]
[Date "2021.10.19"]
[Round "9"]
[White "Pacheco Lugo, Alejandro Jose"]
[Black "Zaksaite, Salomeja"]
[Result "1-0"]
[WhiteElo "2127"]
[BlackElo "2250"]
[PlyCount "87"]
[EventDate "2021.10.19"]
[EventType "swiss (blitz)"]
[EventRounds "11"]
[EventCountry "USA"]
[SourceTitle "CBM 204 Extra"]
[Source "ChessBase"]
[SourceDate "2021.11.30"]
[SourceVersion "1"]
[SourceVersionDate "2021.11.30"]
[SourceQuality "1"]

1. e4 c5 2. Nf3 e6 3. d4 cxd4 4. Nxd4 Nf6 5. Nc3 Nc6 6. a3 Be7 7. f4 d6 8. Be3 0-0 9. Bd3 Nxd4 10. Bxd4 b6 11. Qe2 Bb7 12. 0-0-0 Qc8 13. g4 a5 14. g5 Nd7 15. Rhg1 Ba6 16. Nb5 e5 17. Be3 exf4 18. Bxf4 Ne5 19. Kb1 Nxd3 20. Qxd3 Qc5 21. a4 Bxb5 22. Qxb5 Rfc8 23. Rg2 Qxb5 24. axb5 Rc5 25. Rd5 Rac8 26. Be3 Rxd5 27. exd5 Bd8 28. Rg4 Kf8 29. c4 Bc7 30. Re4 Re8 31. Rxe8+ Kxe8 32. Kc2 Ke7 33. Kd3 f5 34. gxf6+ Kxf6 35. Ke4 g6 36. h4 h5 37. Bg5+ Kf7 38. b3 Ke8 39. Kf4 Kf7 40. Kf3 Ke8 41. Ke4 Bd8 42. Kf4 Bc7 43. Bf6 Kf7 44. Kg5 1-0

[Event "Titled Tuesday intern op 12th Oct"]
[Site "Chess.com INT"]
[Date "2021.10.12"]
[Round "4"]
[White "Bonte, Andrei Mihai"]
[Black "Pacheco Lugo, Alejandro Jose"]
[Result "0-1"]
[WhiteElo "2333"]
[BlackElo "2127"]
[PlyCount "136"]
[EventDate "2021.10.12"]
[EventType "swiss (blitz)"]
[EventRounds "11"]
[EventCountry "USA"]
[SourceTitle "EXT 2023"]
[Source "ChessBase"]
[SourceDate "2022.10.05"]
[SourceVersion "1"]
[SourceVersionDate "2022.10.05"]
[SourceQuality "1"]

1. d4 Nf6 2. c4 e6 3. Nc3 Bb4 4. e3 0-0 5. Nge2 c6 6. g3 d5 7. Qb3 Ba5 8. Bg2 Nbd7 9. 0-0 Re8 10. Rd1 Qe7 11. cxd5 exd5 12. Nf4 Nf8 13. h3 Bc7 14. Bd2 h5 15. Rac1 Rb8 16. Qc2 g6 17. Ncxd5 Nxd5 18. Nxd5 Qd6 19. Bb4 Qd8 20. Nxc7 Qxc7 21. d5 Bf5 22. e4 Bd7 23. Bc3 cxd5 24. exd5 Qd6 25. Qd2 Nh7 26. Qd4 f6 27. Qxa7 Ng5 28. Qd4 Bxh3 29. Qxf6 Qxf6 30. Bxf6 Bxg2 31. Kxg2 Ne4 32. Bd4 Rbd8 33. Bb6 Rd6 34. Bc7 Rd7 35. Rd4 Nf6 36. d6 Re2 37. Rb4 Ng4 38. Rf4 Rxb2 39. Re1 Rd2 40. a4 R7xd6 41. Re8+ Kg7 42. Re7+ Kh6 43. Bxd6 Rxd6 44. Rxb7 Rd2 45. Re7 Ra2 46. Re6 Kg5 47. Rf7 Kh6 48. Rf4 Kg5 49. Ree4 Nh6 50. Re5+ Nf5 51. a5 Ra3 52. Rf3 Ra2 53. Rf4 Kf6 54. Rb5 Kg5 55. Re4 Kh6 56. Rbe5 Kg7 57. Re2 Ra3 58. f3 Kh6 59. g4 hxg4 60. fxg4 Nd4 61. R2e3 Ra2+ 62. Kg3 Nc6 63. g5+ Kh5 64. Rc5 Nxa5 65. Kf4 Rf2+ 66. Ke5 Rf5+ 67. Kd6 Nb7+ 68. Ke6 Nxc5+ 0-1

[Event "Titled Tuesday intern op 12th Oct"]
[Site "Chess.com INT"]
[Date "2021.10.12"]
[Round "3"]
[White "Pacheco Lugo, Alejandro Jose"]
[Black "Begmuratov, Khumoyun"]
[Result "0-1"]
[WhiteElo "2127"]
[BlackElo "2082"]
[PlyCount "46"]
[EventDate "2021.10.12"]
[EventType "swiss (blitz)"]
[EventRounds "11"]
[EventCountry "USA"]
[SourceTitle "EXT 2023"]
[Source "ChessBase"]
[SourceDate "2022.10.05"]
[SourceVersion "1"]
[SourceVersionDate "2022.10.05"]
[SourceQuality "1"]

1. e4 e5 2. Nf3 Nc6 3. Bc4 Nf6 4. Ng5 d5 5. exd5 Na5 6. Bb5+ c6 7. dxc6 bxc6 8. Bd3 Nd5 9. Nf3 Bd6 10. 0-0 0-0 11. Re1 Qc7 12. Bf1 Bg4 13. d3 f5 14. h3 Bh5 15. c4 Nf6 16. Nc3 Rae8 17. Bg5 e4 18. Bxf6 exf3 19. Rxe8 Rxe8 20. g4 fxg4 21. Bh4 g3 22. d4 g2 23. Bd3 Bh2# 0-1

[Event "Titled Tuesday intern op 12th Oct"]
[Site "Chess.com INT"]
[Date "2021.10.12"]
[Round "2"]
[White "Pacheco Lugo, Alejandro Jose"]
[Black "Einarsson, Halldor Gretar"]
[Result "1-0"]
[WhiteElo "2127"]
[BlackElo "2227"]
[PlyCount "69"]
[EventDate "2021.10.12"]
[EventType "swiss (blitz)"]
[EventRounds "11"]
[EventCountry "USA"]
[SourceTitle "EXT 2023"]
[Source "ChessBase"]
[SourceDate "2022.10.05"]
[SourceVersion "1"]
[SourceVersionDate "2022.10.05"]
[SourceQuality "1"]

1. e4 e5 2. Nf3 Nc6 3. Bc4 Bc5 4. c3 Nf6 5. d4 exd4 6. e5 d5 7. Bb5 Ne4 8. cxd4 Bb4+ 9. Nbd2 0-0 10. 0-0 Nxd2 11. Bxd2 Bxd2 12. Qxd2 Ne7 13. Bd3 Nf5 14. Rac1 c6 15. h3 Nh4 16. Nh2 h6 17. f4 Bf5 18. g4 Bxd3 19. Qxd3 Qe7 20. Rce1 Rae8 21. a3 Qc7 22. b4 Qb6 23. Rd1 a5 24. Qg3 Ng6 25. f5 Nxe5 26. bxa5 Qa7 27. f6 g5 28. h4 Ng6 29. hxg5 hxg5 30. Rf5 Re4 31. Nf3 Qb8 32. Qh3 Re6 33. Nxg5 Rfe8 34. Qh7+ Kf8 35. Qxf7# 1-0

[Event "Titled Tuesday intern op 12th Oct"]
[Site "Chess.com INT"]
[Date "2021.10.12"]
[Round "6"]
[White "Todorovic, Bojan"]
[Black "Pacheco Lugo, Alejandro Jose"]
[Result "1-0"]
[WhiteElo "2232"]
[BlackElo "2127"]
[PlyCount "71"]
[EventDate "2021.10.12"]
[EventType "swiss (blitz)"]
[EventRounds "11"]
[EventCountry "USA"]
[SourceTitle "EXT 2023"]
[Source "ChessBase"]
[SourceDate "2022.10.05"]
[SourceVersion "1"]
[SourceVersionDate "2022.10.05"]
[SourceQuality "1"]

1. Nf3 Nf6 2. g3 d6 3. Bg2 g6 4. 0-0 Bg7 5. c4 0-0 6. Nc3 c6 7. d3 e5 8. Rb1 a5 9. a3 Nh5 10. b4 axb4 11. axb4 f5 12. Bb2 f4 13. Ne4 Qe7 14. c5 d5 15. Nd6 Bg4 16. Nd2 g5 17. h3 Be6 18. g4 f3 19. Nxf3 Nf4 20. Nxe5 h5 21. e3 Bxe5 22. Bxe5 Nxg2 23. Kxg2 Bxg4 24. hxg4 Qxe5 25. gxh5 Ra2 26. Qg4 Qxe3 27. Qg3 Qxg3+ 28. Kxg3 Rd2 29. Rbd1 Rb2 30. Rb1 Rd2 31. Rb3 Nd7 32. f4 gxf4+ 33. Rxf4 Ne5 34. Rxf8+ Kxf8 35. Nxb7 Nxd3 36. b5 1-0